[Event "4NCL/Div1/BET vs. BAR1"]
[Site "Wokefield Park ENG"]
[Date "2008.03.02"]
[Round "8.2"]
[White "Collins, Sam"]
[Black "Hunt, Adam C"]
[Result "1/2-1/2"]
[WhiteElo "2394"]
[BlackElo "2466"]
[PlyCount "42"]
[EventDate "2008.03.02"]
[EventCountry "ENG"]
[SourceDate "2007.09.15"]

1. Nf3 Nf6 2. c4 g6 3. Nc3 d5 4. Qa4+ Bd7 5. Qb3 dxc4 6. Qxc4 Nc6 7. e4 Bg7 8.
d4 O-O 9. e5 Be6 10. exf6 Bxc4 11. fxg7 Kxg7 12. Bxc4 Nxd4 13. Nxd4 Qxd4 14.
Be2 Rfd8 15. O-O Qb4 16. Rb1 c6 17. a3 Qb3 18. Bd1 Qc4 19. Be2 Qb3 20. Bd1 Qc4
21. Be2 Qb3 1/2-1/2

[Event "4NCL/Div1/BET vs. BAR1"]
[Site "Wokefield Park ENG"]
[Date "2008.03.02"]
[Round "8.3"]
[White "Ansell, Simon"]
[Black "Knott, Simon"]
[Result "1/2-1/2"]
[WhiteElo "2402"]
[BlackElo "2374"]
[PlyCount "74"]
[EventDate "2008.03.02"]
[EventCountry "ENG"]
[SourceDate "2007.09.15"]

1. e4 e6 2. d3 d5 3. Nd2 c5 4. Ngf3 Nc6 5. g3 Nf6 6. Bg2 Be7 7. O-O O-O 8. Re1
b5 9. a3 a5 10. e5 Nd7 11. c4 bxc4 12. dxc4 Nb6 13. h4 a4 14. Qc2 Na5 15. cxd5
exd5 16. Ng5 Bxg5 17. hxg5 c4 18. Nf3 Nb3 19. Be3 Nxa1 20. Rxa1 Nd7 21. Rd1 Bb7
22. Qf5 Qe7 23. Rd4 Qe6 24. Bh3 Rfe8 25. g6 Qxf5 26. Bxf5 Nxe5 27. gxh7+ Kh8
28. Nxe5 Rxe5 29. Bc2 Rh5 30. g4 Rxh7 31. Bxh7 Kxh7 32. Rf4 Kg6 33. Bd4 Re8 34.
Kh2 Bc8 35. Be3 Rh8+ 36. Kg2 Be6 37. Bd2 Rb8 1/2-1/2

[Event "4NCL/Div1/BET vs. BAR1"]
[Site "Wokefield Park ENG"]
[Date "2008.03.02"]
[Round "8.4"]
[White "D'Costa, Lorin A R"]
[Black "Ledger, Andrew J"]
[Result "1/2-1/2"]
[WhiteElo "2406"]
[BlackElo "2424"]
[PlyCount "52"]
[EventDate "2008.03.02"]
[EventCountry "ENG"]
[SourceDate "2007.09.15"]

1. Nf3 Nf6 2. c4 c6 3. b3 d5 4. Bb2 Bg4 5. e3 Nbd7 6. h3 Bh5 7. Be2 e6 8. d3
Bb4+ 9. Nbd2 Bxf3 10. gxf3 O-O 11. f4 Qe7 12. a3 Bd6 13. Nf3 e5 14. fxe5 Nxe5
15. Nd4 Qd7 16. Qc2 Rfe8 17. O-O-O Rac8 18. Kb1 c5 19. Nb5 a6 20. Nxd6 Qxd6 21.
cxd5 Nxd5 22. Rhg1 f6 23. h4 b5 24. Rc1 Nb6 25. Qd1 Rcd8 26. Qc2 Rc8 1/2-1/2

[Event "4NCL/Div1/BET vs. BAR1"]
[Site "Wokefield Park ENG"]
[Date "2008.03.02"]
[Round "8.5"]
[White "Pert, Richard G"]
[Black "Ferguson, Mark"]
[Result "1/2-1/2"]
[WhiteElo "2461"]
[BlackElo "2412"]
[PlyCount "39"]
[EventDate "2008.03.02"]
[EventCountry "ENG"]
[SourceDate "2007.09.15"]

1. d4 d5 2. c4 c6 3. Nc3 Nf6 4. e3 g6 5. Nf3 Bg7 6. Bd3 O-O 7. O-O Bf5 8. Bxf5
gxf5 9. b3 Ne4 10. Bb2 Nxc3 11. Bxc3 Nd7 12. cxd5 cxd5 13. Qd3 e6 14. Qb5 Qc7
15. Ba5 b6 16. Rfc1 Qb7 17. Bb4 Rfc8 18. a4 Rxc1+ 19. Rxc1 Rc8 20. Rxc8+
1/2-1/2

[Event "4NCL/Div1/BET vs. BAR1"]
[Site "Wokefield Park ENG"]
[Date "2008.03.02"]
[Round "8.6"]
[White "Cox, John J"]
[Black "Eames, Robert G"]
[Result "1-0"]
[WhiteElo "2375"]
[BlackElo "2294"]
[PlyCount "113"]
[EventDate "2008.03.02"]
[EventCountry "ENG"]
[SourceDate "2007.09.15"]

1. Nf3 Nf6 2. c4 c5 3. g3 b6 4. Bg2 Bb7 5. O-O e6 6. b3 Be7 7. Bb2 O-O 8. e3 d6
9. d4 Nbd7 10. Nc3 a6 11. Qe2 Qc7 12. Rfd1 Rae8 13. Rac1 g6 14. a3 Nh5 15. e4
Bf6 16. Qd2 cxd4 17. Nxd4 Nc5 18. b4 Nd7 19. g4 Ng7 20. Qh6 Ne5 21. g5 Bd8 22.
Ncb5 axb5 23. Nxb5 Qe7 24. Nxd6 f6 25. Nxe8 Rxe8 26. gxf6 Qxf6 27. Rd7 Nxd7 28.
Bxf6 Nxf6 29. e5 Ng4 30. Qf4 Bxg2 31. Kxg2 h5 32. f3 Rf8 33. Qe4 Bg5 34. Rc3
Nh6 35. c5 bxc5 36. bxc5 Nhf5 37. c6 Bd2 38. Rd3 Ba5 39. Qa4 Bc7 40. f4 g5 41.
Qa7 Nh4+ 42. Kg1 Ne8 43. Rd7 Rf7 44. Rxf7 Kxf7 45. fxg5 Nf3+ 46. Kg2 Nxe5 47.
Qc5 Bd6 48. Qc2 Ng6 49. a4 Nh4+ 50. Kh1 Nf5 51. a5 Nc7 52. Qa4 Ne3 53. a6 Ned5
54. a7 Na8 55. Qc2 Kg7 56. Qe2 Nf4 57. Qb2+ 1-0

[Event "4NCL/Div1/BET vs. BAR1"]
[Site "Wokefield Park ENG"]
[Date "2008.03.02"]
[Round "8.8"]
[White "Lauterbach, Ingrid"]
[Black "Ledger, Stephen C"]
[Result "1/2-1/2"]
[WhiteElo "2159"]
[BlackElo "2149"]
[PlyCount "118"]
[EventDate "2008.03.02"]
[EventCountry "ENG"]
[SourceDate "2007.09.15"]

1. e4 c5 2. Nf3 Nc6 3. Bb5 g6 4. O-O Bg7 5. Re1 e5 6. c3 Nge7 7. d3 O-O 8. Be3
d6 9. Na3 a6 10. Bxc6 Nxc6 11. h3 b5 12. d4 exd4 13. cxd4 c4 14. Nc2 d5 15. e5
Bf5 16. Rc1 Bxc2 17. Rxc2 Nb4 18. Rce2 Nxa2 19. Bd2 Qe7 20. Bg5 Qc7 21. Qd2 c3
22. Qc2 Rac8 23. Qb1 Qa5 24. Qa1 c2 25. Kh2 b4 26. Bd2 Qa4 27. Rf1 b3 28. Ree1
Qc4 29. Be3 Rfe8 30. Bc1 f6 31. Nd2 Qc7 32. Nxb3 Nxc1 33. Nxc1 fxe5 34. g3 exd4
35. Qxa6 Qc4 36. Qa3 Bf8 37. Qf3 Bg7 38. b3 Qc6 39. Qd3 Rxe1 40. Rxe1 Rf8 41.
Re2 Rc8 42. f4 Qc3 43. Qb5 d3 44. Qxd5+ Kh8 45. Rg2 Qd4 46. Qe6 Rf8 47. Qe1 Rd8
48. Rd2 h6 49. Qe7 Kh7 50. Kg2 Rd7 51. Qe6 Qd5+ 52. Qxd5 Rxd5 53. Rxd3 Rxd3 54.
Nxd3 Bb2 55. Kf3 c1=Q 56. Nxc1 Bxc1 57. Ke4 Bd2 58. f5 gxf5+ 59. Kxf5 Be1
1/2-1/2

[Event "4NCL/Div1/RIC vs. CAMB1"]
[Site "Wokefield Park ENG"]
[Date "2008.03.02"]
[Round "8.1"]
[White "Bates, Richard A"]
[Black "Dearing, Eddie"]
[Result "1-0"]
[WhiteElo "2375"]
[BlackElo "2381"]
[PlyCount "75"]
[EventDate "2008.03.02"]
[EventCountry "ENG"]
[SourceDate "2007.09.15"]

1. d4 d5 2. c4 c6 3. Nf3 Nf6 4. Qb3 e6 5. Bf4 dxc4 6. Qxc4 b5 7. Qc2 Bb7 8. e4
Nbd7 9. Nbd2 Rc8 10. Bg5 Qb6 11. a4 Bb4 12. e5 Nd5 13. Qe4 a6 14. Qg4 c5 15.
axb5 axb5 16. Be2 h6 17. Bh4 g5 18. Bg3 f5 19. Qh5+ Ke7 20. O-O Rcg8 21. dxc5
Nxc5 22. Rfd1 f4 23. Nd4 fxg3 24. hxg3 Bxd2 25. Rxd2 Ne4 26. Rd3 Nb4 27. Rf3
Rf8 28. Qg6 Rxf3 29. Bxf3 Rf8 30. Bxe4 Qxd4 31. Bxb7 Qxf2+ 32. Kh2 Qxb2 33. Bc8
Qxe5 34. Qh7+ Kd6 35. Qd7+ Kc5 36. Rc1+ Kb6 37. Qb7+ Ka5 38. Qa7+ 1-0

[Event "4NCL/Div1/RIC vs. CAMB1"]
[Site "Wokefield Park ENG"]
[Date "2008.03.02"]
[Round "8.2"]
[White "Pinter, Gabor"]
[Black "Wall, Gavin"]
[Result "1/2-1/2"]
[WhiteElo "2361"]
[BlackElo "2305"]
[PlyCount "120"]
[EventDate "2008.03.02"]
[EventCountry "ENG"]
[SourceDate "2007.09.15"]

1. e4 e5 2. Nf3 d6 3. Nc3 Nf6 4. g3 g6 5. Bg2 Bg7 6. d4 Nbd7 7. O-O O-O 8. Re1
c6 9. b3 Re8 10. Bb2 b5 11. d5 cxd5 12. Nxd5 Nb6 13. Nxf6+ Bxf6 14. Qe2 a6 15.
Rad1 Qc7 16. Rd2 Bb7 17. Red1 Rad8 18. h4 Bg7 19. Nh2 f5 20. Ba3 Nc8 21. h5 Re6
22. hxg6 hxg6 23. c4 bxc4 24. bxc4 Bh6 25. Rd3 Qc6 26. Rb3 fxe4 27. Rxb7 Qxb7
28. Bxe4 Qf7 29. Ng4 Kg7 30. Bd5 Ne7 31. Bxe6 Qxe6 32. c5 d5 33. Qxe5+ Qxe5 34.
Nxe5 Bg5 35. Rb1 d4 36. Nd3 Nd5 37. Rb7+ Kf6 38. Ra7 Kf5 39. f3 Re8 40. g4+ Kf6
41. Rxa6+ Kf7 42. Ra7+ Kf6 43. Ra6+ Kf7 44. Rd6 Nf4 45. Nxf4 Bxf4 46. Rd7+ Ke6
47. c6 Rc8 48. Kf1 Be5 49. f4 Bxf4 50. Rxd4 Be5 51. Rc4 Kd5 52. Rc5+ Kd4 53.
Ra5 Ke4 54. Ra6 Kf3 55. Bc5 Kxg4 56. Ke2 g5 57. a4 Kf5 58. Rb6 Ke4 59. Be3 Kd5
60. Rb5+ Kd6 1/2-1/2

[Event "4NCL/Div1/RIC vs. CAMB1"]
[Site "Wokefield Park ENG"]
[Date "2008.03.02"]
[Round "8.3"]
[White "Nixon, Thomas C M"]
[Black "Moskovic, David M"]
[Result "0-1"]
[WhiteElo "2202"]
[BlackElo "2273"]
[PlyCount "100"]
[EventDate "2008.03.02"]
[EventCountry "ENG"]
[SourceDate "2007.09.15"]

1. d4 Nf6 2. c4 g6 3. g3 Bg7 4. Bg2 O-O 5. Nf3 d6 6. O-O c6 7. Nc3 Qa5 8. Qc2
Be6 9. b3 d5 10. cxd5 cxd5 11. Bd2 Bf5 12. Qb2 Qd8 13. Rfd1 Nc6 14. Rac1 Rc8
15. Na4 Ne4 16. Be3 b6 17. Nd2 Nf6 18. Nf3 Ne4 19. Nd2 e5 20. Nf3 b5 21. Nc5
Nxc5 22. Rxc5 e4 23. Ne1 Qd7 24. b4 Rfd8 25. a3 Bf8 26. Rcc1 a5 27. Bd2 Bg7 28.
Nc2 a4 29. Bf1 Qa7 30. e3 Bg4 31. Re1 Qb7 32. Na1 Bf8 33. Rc3 Bd6 34. Rec1 Bd7
35. Qa2 Ne7 36. Nc2 Rb8 37. Ne1 Nc8 38. Ng2 Nb6 39. Be2 Nc4 40. Bxc4 dxc4 41.
Qb1 Qd5 42. R3c2 Bg4 43. Bc3 g5 44. Ra2 f5 45. Rcc2 Rf8 46. Qe1 Rbe8 47. Qf1
Re6 48. Ne1 f4 49. Qg2 f3 50. Qh1 Bh3 0-1

[Event "4NCL/Div1/RIC vs. CAMB1"]
[Site "Wokefield Park ENG"]
[Date "2008.03.02"]
[Round "8.4"]
[White "Eckersley-Waites, Adam"]
[Black "Franklin, Michael J"]
[Result "1/2-1/2"]
[WhiteElo "2199"]
[BlackElo "2243"]
[PlyCount "84"]
[EventDate "2008.03.02"]
[EventCountry "ENG"]
[SourceDate "2007.09.15"]

1. e4 c5 2. Nf3 a6 3. c3 d6 4. d4 Nd7 5. Bd3 e6 6. O-O Ne7 7. Nbd2 Ng6 8. Re1
Be7 9. a4 b6 10. Nf1 Bb7 11. d5 e5 12. g3 Nf6 13. Ne3 O-O 14. Nf5 Re8 15. Bg5
Bf8 16. Qb3 Rb8 17. Qc2 h6 18. Bd2 Ne7 19. Ne3 Bc8 20. b4 Nd7 21. Reb1 Qc7 22.
Kg2 Bb7 23. Qd1 Ra8 24. Nh4 Bc8 25. f4 exf4 26. gxf4 Qd8 27. Qe1 Nf6 28. Qg3
Nh5 29. Qf3 Ng6 30. Nxg6 fxg6 31. bxc5 bxc5 32. Nc4 Qh4 33. e5 Bg4 34. Qe3 g5
35. Qe4 Nf6 36. Qg6 Qh3+ 37. Kg1 Bf3 38. Ne3 dxe5 39. fxg5 hxg5 40. Bf1 Qh6 41.
Qxh6 gxh6 42. Rb6 Nxd5 1/2-1/2

[Event "4NCL/Div1/RIC vs. CAMB1"]
[Site "Wokefield Park ENG"]
[Date "2008.03.02"]
[Round "8.6"]
[White "Conlon, Joe"]
[Black "Meyer, Gordon"]
[Result "0-1"]
[WhiteElo "2205"]
[BlackElo "2154"]
[PlyCount "124"]
[EventDate "2008.03.02"]
[EventCountry "ENG"]
[SourceDate "2007.09.15"]

1. e4 c5 2. Nf3 d6 3. d4 cxd4 4. Nxd4 Nf6 5. Nc3 a6 6. f4 e5 7. Nf3 Qc7 8. Bd3
Nbd7 9. O-O Be7 10. Kh1 O-O 11. f5 b5 12. a3 Bb7 13. Bg5 h6 14. Bh4 Rfe8 15.
Qe1 d5 16. exd5 Nxd5 17. Ne4 Bxh4 18. Nxh4 N5f6 19. Rc1 Rad8 20. b4 Bxe4 21.
Bxe4 Nxe4 22. Qxe4 Nf6 23. Qe2 Rd4 24. Nf3 Rc4 25. Ne1 e4 26. g3 Qc6 27. Ng2 e3
28. Kg1 Rc3 29. Rfe1 Qe4 30. Rf1 Nd5 31. Nf4 Qxf5 32. Nxd5 Qxd5 33. Qf3 Qc4 34.
Qf4 Re4 35. Qb8+ Kh7 36. Rf4 Rxf4 37. Qxf4 Qxf4 38. gxf4 Rxa3 39. Kg2 Rc3 40.
Kf3 e2+ 41. Kxe2 Rc4 42. f5 Rxb4 43. Ra1 Rf4 44. Rxa6 Rxf5 45. Ra5 f6 46. Kd3
g5 47. Ke4 Kg6 48. c3 Re5+ 49. Kd4 g4 50. Ra2 Kg5 51. Ra8 Re2 52. Kc5 Rxh2 53.
Kxb5 g3 54. c4 Rb2+ 55. Kc6 h5 56. c5 h4 57. Kd7 h3 58. c6 h2 59. Rh8 g2 60. c7
Rc2 61. Rg8+ Kf4 62. Rxg2 Rxc7+ 0-1

[Event "4NCL/Div1/RIC vs. CAMB1"]
[Site "Wokefield Park ENG"]
[Date "2008.03.02"]
[Round "8.7"]
[White "Chevannes, Sabrina"]
[Black "Cooley, Oliver"]
[Result "1/2-1/2"]
[WhiteElo "2074"]
[BlackElo "2106"]
[PlyCount "80"]
[EventDate "2008.03.02"]
[EventCountry "ENG"]
[SourceDate "2007.09.15"]

1. d4 Nf6 2. Nf3 g6 3. Nc3 Bg7 4. e4 d6 5. Be3 O-O 6. Qd2 b6 7. Bd3 c5 8. Bh6
Nc6 9. Bxg7 Kxg7 10. d5 Ne5 11. Nxe5 dxe5 12. O-O-O a6 13. h4 h6 14. f4 exf4
15. Qxf4 h5 16. Be2 Ng4 17. e5 Qc7 18. d6 exd6 19. Rxd6 Bf5 20. Nd5 Qb7 21.
Bxg4 Bxg4 22. Qf6+ Kh7 23. Qg5 Rae8 24. Nf6+ Kg7 25. Nxe8+ Rxe8 26. Qf6+ Kg8
27. Rf1 Bf5 28. e6 Bxe6 29. Rfd1 Bc4 30. Rd8 Bb5 31. Rxe8+ Bxe8 32. Rd8 Qe4 33.
b3 Kh7 34. Qxb6 Qe1+ 35. Kb2 Qe5+ 36. Kc1 Bb5 37. Rd1 Qa1+ 38. Kd2 Qd4+ 39. Kc1
Qa1+ 40. Kd2 Qd4+ 1/2-1/2

[Event "4NCL/Div1/RIC vs. CAMB1"]
[Site "Wokefield Park ENG"]
[Date "2008.03.02"]
[Round "8.8"]
[White "Broomfield, Lucy"]
[Black "Allen, Dominic"]
[Result "0-1"]
[WhiteElo "1983"]
[BlackElo "1996"]
[PlyCount "104"]
[EventDate "2008.03.02"]
[EventCountry "ENG"]
[SourceDate "2007.09.15"]

1. e4 e5 2. Nf3 Nc6 3. Bc4 Nf6 4. d3 Be7 5. c3 d6 6. O-O O-O 7. h3 Na5 8. Bb5
a6 9. Ba4 b5 10. Bc2 c5 11. Be3 Qc7 12. Nbd2 d5 13. d4 cxd4 14. cxd4 exd4 15.
Bxd4 Nc6 16. Be3 Bb7 17. Rc1 Qd6 18. exd5 Qxd5 19. Bb3 Qf5 20. Qe2 Rac8 21. Nh4
Qe5 22. Ndf3 Qe4 23. Bc2 Qe6 24. Bf5 Qd5 25. Bxc8 Rxc8 26. Rfd1 Qe4 27. Qd3 Qe6
28. Nf5 Bf8 29. Ng3 Qxa2 30. Nd4 Qxb2 31. Nxc6 Bxc6 32. Qf5 Bd7 33. Qd3 Rxc1
34. Rxc1 Be6 35. Rb1 Qe5 36. Rd1 a5 37. Qd8 b4 38. Bd4 Qb5 39. Bxf6 gxf6 40.
Qxf6 b3 41. Qb2 a4 42. Rd8 Qb6 43. Qf6 Qxd8 44. Qxd8 b2 45. Qb8 Bb3 46. Nh5
b1=Q+ 47. Kh2 Qg6 48. Ng3 Bd5 49. Qd8 Bc6 50. f4 f5 51. Qc8 a3 52. Nxf5 Qxg2#
0-1